000 00592nam a2200229Ia 4500
003 OSt
005 20220924153750.0
006 a|||||r|||| 00| 0
007 ta
008 220923b |||||||| |||| 00| 0 tam d
024 _a351546
037 _cTextual
040 _aARTS
_cARTS
_btam
041 _2tam
_atam
082 _aV2:51y7M91, 31N4
100 _aP.Balakrittinan
_9229703
245 0 _aKudisai komethakam doctor ambethkar
260 _c1994
650 _aHISTORY
942 _hV2:51y7M91, 31N4
_cTEXL
_2CC
999 _c474713
_d474713